000 00375cam a2200169 4500
001 D12572
008 090401t1940 xxu||||| |||| 00| 0 eng d
035 _a(Sirsi) u4311
041 _aeng
100 _aDavey, Reginald
245 _aCompensation for war damage
260 _aLondon
_bEG
_c1940
350 _a0
520 _aShelf 178
942 _n0
948 _c04/03/1997
999 _c86014
_d86014